000 00571nam a2200181Ia 4500
003 GCL
008 140319s9999 xx 000 0 ara d
040 _aGCL /
_cGCL
082 0 4 _a210
_bم ا
100 1 _aمحمد متولى الشعراوى
245 1 0 _aالادلة المادية على وجود الله /
_cمحمد متولى الشعراوى
260 _a[S.N] :
_bلجنة الاعلام والدراسات المستقبلية
300 _a166 ص
490 _a
650 0 4 _aالاسلام
650 0 4 _aالاسلام والعلم
942 _2ddc
_cBK
999 _c54554
_d54554